| 000 | 00563nam a2200169 i 4500 | ||
|---|---|---|---|
| 001 | 80489 | ||
| 003 | ES-MaACL | ||
| 005 | 20240223063028.0 | ||
| 007 | t| | ||
| 008 | 041028s1940 gw ||||1| ger d | ||
| 100 | 1 |
_aHitler, Adolf, _d1889-1945 _963836 |
|
| 245 | 1 | 4 |
_aDer grossdeutsche Freiheitskampf / _cReden Adolf Hitlers vom 1 september 1939 bis 10 mèars 1940. |
| 260 |
_aMünchen : _bFranz Eh. Nachf, _c1940 ( _fM. Muller and Sohn) |
||
| 300 |
_a198 p. : _bretr. ; _c19 cm. |
||
| 852 |
_aES-MaACL _jB-9719 _bR.19177 |
||
| 999 |
_c80489 _d80489 |
||